000 00489nam a2200169Ia 4500
008 240729s9999 xx 000 0 und d
022 _a2949-8198
245 0 _aESMO Gastrointestinal Oncology
260 _aUnited Kingdom
260 _bElsevier
650 _a Internal medicine
650 _a Neoplasms. Tumors. Oncology. Including cancer and carcinogens
650 _aMedicine
856 _uhttps://doaj.org/toc/5fc90ed52e6540c0a891006d90542b30
942 _2ddc
942 _cDOAJEJ
999 _c74850
_d74850
945 _a1
_bMadushi Gamage
_c1
_dMadushi Gamage